ՀՀ Գիտությունների ազգային ակադեմիայի հիմնարար գիտական գրադարան  =   Fundamental Scientific Library of NAS RA

Անգլերեն : (Record no. 534072)

MARC details
000 -LEADER
fixed length control field 01292nam a2200277 a 4500
001 - CONTROL NUMBER
control field 000996275
003 - CONTROL NUMBER IDENTIFIER
control field AM-YeHGA
005 - DATE AND TIME OF LATEST TRANSACTION
control field 20250618080212.0
008 - FIXED-LENGTH DATA ELEMENTS--GENERAL INFORMATION
fixed length control field 131210m2013 ai d|||dr|||||000|||arm||
020 ## - INTERNATIONAL STANDARD BOOK NUMBER
International Standard Book Number 9789939842004
040 ## - CATALOGING SOURCE
Original cataloging agency AM-YeHGA
041 0# - LANGUAGE CODE
Language code of text/sound track or separate title arm
090 ## - LOCALLY ASSIGNED LC-TYPE CALL NUMBER (OCLC); LOCAL CALL NUMBER (RLIN)
-- 573544
245 00 - TITLE STATEMENT
Title Անգլերեն :
Remainder of title 2014 թ. պետական ավարտական և միասնական քննությունների առաջադրանքների շտեմարան /
Statement of responsibility, etc. Հեղ. խումբ`. Լ. Աթոյան, Մ. Ապրեսյան, Ռ. Գասպարյան և այլք.
260 ## - PUBLICATION, DISTRIBUTION, ETC.
Place of publication, distribution, etc. Երևան :
Name of publisher, distributor, etc. Րաբունի հրատ.,
Date of publication, distribution, etc. 2013.
300 ## - PHYSICAL DESCRIPTION
Extent Մաս ;
Dimensions 24 սմ.
500 ## - GENERAL NOTE
General note Հաստատված է գնահատման և թեստավորման կենտրոնի կողմից:
500 ## - GENERAL NOTE
General note Գրքի թվային տարբերակը ներբեռնվել է armedu.am կայքից:
505 10 - FORMATTED CONTENTS NOTE
Miscellaneous information Մ. 1 (2013, 320 էջ, աղյս.)
650 14 - SUBJECT ADDED ENTRY--TOPICAL TERM
Topical term or geographic name entry element Անգլերեն լեզու
General subdivision Շտեմարան
700 1# - ADDED ENTRY--PERSONAL NAME
Personal name Աթոյան, Լուսինե
700 1# - ADDED ENTRY--PERSONAL NAME
Personal name Ապրեսյան, Մարգարիտա Հրանտի,
Dates associated with a name 1960-
9 (RLIN) 2332
700 1# - ADDED ENTRY--PERSONAL NAME
Personal name Գասպարյան, Ռուբինա
856 41 - ELECTRONIC LOCATION AND ACCESS
Uniform Resource Identifier <a href="http://haygirk.nla.am/upload/1941-/englishI_2013.pdf">http://haygirk.nla.am/upload/1941-/englishI_2013.pdf</a>
Link text Կարդալ առցանց (Մաս 1)
942 ## - ADDED ENTRY ELEMENTS (KOHA)
Source of classification or shelving scheme Universal Decimal Classification
Koha item type Գրքեր / Books
Holdings
Withdrawn status Lost status Source of classification or shelving scheme Damaged status Not for loan Collection Home library Current library Date acquired Serial enumeration / chronology Total checkouts Full call number Barcode Date last seen Price effective from Koha item type Public note
    Universal Decimal Classification     General Fundamental Scientific Library Fundamental Scientific Library 30/04/2025 Մ. 1   AII/113085 FL0691613 30/04/2025 30/04/2025 Գրքեր / Books 30 Days Loan


ՀՀ ԳԱԱ հիմնարար գիտական գրադարան
ՀՀ,Երևան 0019
Մարշալ Բաղրամյան 24/6
հեռախոս:(374-10) 52-47-50
Հետադարձ կապ

All site content, except where otherwise noted, is licensed under a
Creative Commons License